| 000 | 00635nam a2200193 i 4500 | ||
|---|---|---|---|
| 001 | 29050 | ||
| 003 | ES-MaACL | ||
| 005 | 20230906153953.0 | ||
| 007 | t| | ||
| 008 | 030120s1859 fr ||||1| fre d | ||
| 100 | 1 |
_aBalzac, Honoré de, _d1799-1850 _925139 |
|
| 245 | 1 | 0 |
_aScénes de la vie militaire _b: les chouans, ou La Bretagne en 1799 ; une passion dans le désert / _cHonoré de Balzac. |
| 260 |
_aParís : _bLib. Nouvelle, _c1859 ( _fA. Bourdillia et Cie.) |
||
| 300 |
_a379 p. ; _c17 cm. |
||
| 740 | 3 | _aLa Bretagne en 1799. | |
| 740 | 0 | _aUne passion dans le désert. | |
| 852 |
_aES-MaACL _jG-13536 |
||
| 999 |
_c29050 _d29050 |
||